American Public Administration (Record no. 2930)
[ view plain ]
| 000 -LEADER | |
|---|---|
| fixed length control field | 00328nam a22001337a 4500 |
| 008 - FIXED-LENGTH DATA ELEMENTS--GENERAL INFORMATION | |
| fixed length control field | 250411b |||||||| |||| 00| 0 eng d |
| 020 ## - INTERNATIONAL STANDARD BOOK NUMBER | |
| ISBN | 013028705901 |
| 100 ## - MAIN ENTRY--AUTHOR | |
| Author | LUTRIN Carl |
| 245 ## - TITLE STATEMENT | |
| Title | American Public Administration |
| 260 ## - PUBLICATION, DISTRIBUTION, ETC. (IMPRINT) | |
| Place of publication | USA. |
| Name of publisher | Wanda Lubalska |
| Date of publication | 1976 |
| 300 ## - COLLATION | |
| Pagination | xii, 516p. |
| 942 ## - ADDED ENTRY ELEMENTS (KOHA) | |
| Item type | Books |
| 050 ## - LIBRARY OF CONGRESS CALL NUMBER | |
| Classification number | JF1351 |
| Item number | .L88 |
| Source of classification or shelving scheme | Not for loan | Permanent location | Current location | Date acquired | Accession No. | Full call number | Barcode. | Koha item type |
|---|---|---|---|---|---|---|---|---|
| Library of Congress Classification | Samuel Ogbemudia Main Library, University of Abuja | Samuel Ogbemudia Main Library, University of Abuja | 04/11/2025 | 2002/24366 | JF1351.L88 | 2025-1282 | Books |